[Event "Olympiad"]
[Site "masterchessopen.com Skopje (Macedonia)"]
[Round "11"]
[White "Dueball Juergen (GER)"]
[Black "Kane George Francis (USA)"]
[Result "1-0"]
[WhiteElo "2425"]
[BlackElo "2300"]

1.e4 e5 2.Nf3 Nc6 3.Bb5 a6 4.Ba4 Nf6 5.O-O Be7 6.Re1 b5 7.Bb3 d6 8.c3 O-O 9.h3
Nb8 10.d4 Nbd7 11.Nh4 Re8 12.Nd2 c5 13.dxe5 dxe5 14.Nf5 Bf8 15.Nf1 c4 16.Bc2
Qc7 17.N1g3 Nc5 18.Bg5 Nfd7 19.Qg4 Kh8 20.Rad1 f6 21.Bc1 Nb6 22.Qf3 Be6 23.h4
Rad8 24.h5 Rxd1 25.Rxd1 Rd8 26.Nh4 Rxd1+ 27.Bxd1 Nd3 28.Be3 Nd7 29.b3 cxb3
30.Ng6+ Kg8 31.Nxf8 Nxf8 32.axb3 Qxc3 33.h6 Nf4 34.hxg7 Kxg7 35.Nf5+ Bxf5
36.exf5 Qd3 37.g3 Nd5 38.Bh6+ {#r} 1-0

[Event "It"]
[Site "masterchessopen.com Stary Smokovec (Slovakia)"]
[Round "7"]
[White "Szabo Janos (HUN)"]
[Black "Kostro Jerzy (POL)"]
[Result "1-0"]
[WhiteElo "2124"]
[BlackElo "2390"]

1.e4 e5 2.Nf3 Nc6 3.Bb5 a6 4.Ba4 Nf6 5.O-O Be7 6.Re1 b5 7.Bb3 d6 8.c3 O-O 9.h3
Nb8 10.d4 Nbd7 11.Nbd2 Bb7 12.Bc2 Re8 13.Nf1 Bf8 14.Ng3 g6 15.Bg5 h6 16.Bd2
Bg7 17.Nh2 d5 18.dxe5 Nxe4 19.Nxe4 dxe4 20.Bxe4 Bxe4 21.Rxe4 Nxe5 22.Bf4 Qxd1+
23.Rxd1 Nc4 24.Rxe8+ Rxe8 25.b3 Ne5 26.Kf1 f5 27.Rd5 g5 28.Bd2 f4 29.Ng4 h5
30.Nxe5 Bxe5 31.Rc5 Re6 32.c4 bxc4 33.Rxc4 Kf7 34.h4 Kg6 35.hxg5 Kxg5 36.g3 h4
37.gxf4+ {#r} 1-0

[Event "?"]
[Site "masterchessopen.com Dubna (Russia)"]
[Round "0"]
[White "Vasiukov Evgeni (RUS)"]
[Black "Kholmov Ratmir D (RUS)"]
[Result "1-0"]
[WhiteElo "2560"]
[BlackElo "2520"]

1.e4 e5 2.Nf3 Nc6 3.Bb5 a6 4.Ba4 Nf6 5.O-O Be7 6.Re1 b5 7.Bb3 d6 8.c3 O-O 9.h3
Nb8 10.d4 Nbd7 11.Nbd2 Bb7 12.Bc2 Re8 13.b4 Bf8 14.a4 d5 15.Nxe5 dxe4 16.f4
exf3 17.Ndxf3 Nxe5 18.Nxe5 Bd6 19.Bf4 Bxe5 20.Bxe5 Nd7 21.Qd3 g6 22.Bf4 Nb6
23.Qg3 Nxa4 24.Rxe8+ Qxe8 25.Re1 Qd7 26.Bh6 Qd6 27.Re5 Nb6 28.Qe3 Bc6 29.Bb3
Nc4 30.Bxc4 bxc4 31.d5 f6 32.Re6 {#r} 1-0

[Event "It (cat.11)"]
[Site "masterchessopen.com Tallinn (Estonia)"]
[Round "0"]
[White "Westerinen Heikki M J (FIN)"]
[Black "Spassky Boris V (FRA)"]
[Result "0-1"]
[WhiteElo "2435"]
[BlackElo "2655"]

1.e4 e5 2.Nf3 Nc6 3.Bb5 a6 4.Ba4 Nf6 5.O-O Be7 6.Re1 b5 7.Bb3 d6 8.c3 O-O 9.h3
Nb8 10.d4 Nbd7 11.Nbd2 Bb7 12.Bc2 Re8 13.Nf1 Bf8 14.Ng3 c5 15.b3 g6 16.Bb2 Bg7
17.Qd2 Qc7 18.Bd3 c4 19.bxc4 bxc4 20.Bc2 exd4 21.Nxd4 Nc5 22.Qf4 Nfd7 23.Ba3
Ne5 24.Re3 Ncd3 25.Qh4 Qa5 26.Bb4 Nxb4 27.cxb4 Qxb4 28.Ngf5 gxf5 29.exf5 Ng6
30.fxg6 hxg6 31.Rb1 Qd2 32.Rd1 Qa5 33.Re7 Rab8 34.Rb1 Rxe7 35.Qxe7 Bxd4
36.Bxg6 fxg6 37.Qxd6 Qe5 {#R} 0-1

[Event "?"]
[Site "masterchessopen.com URS"]
[Round "0"]
[White "Savon Vladimir A (UKR)"]
[Black "Mukhin Mikhail (RUS)"]
[Result "1-0"]
[WhiteElo "2575"]
[BlackElo "2420"]

1.e4 e5 2.Nf3 Nc6 3.Bb5 a6 4.Ba4 Nf6 5.O-O Be7 6.Re1 b5 7.Bb3 d6 8.c3 O-O 9.h3
Nb8 10.d4 Nbd7 11.Nbd2 Bb7 12.Bc2 Re8 13.b4 Bf8 14.a4 Nb6 15.a5 Nbd7 16.Bb2
Qb8 17.c4 bxc4 18.Ba4 c6 19.Nxc4 Qc7 20.Rc1 Rac8 21.dxe5 dxe5 22.Qb3 h6 23.Qc3
Bd6 24.Rcd1 Re6 25.Bb3 Rd8 26.Nxd6 Rxd6 27.Rxd6 Qxd6 28.Rd1 Qe7 29.Nxe5 Nxe5
30.Rxd8+ Qxd8 31.Qxe5 c5 32.Qxc5 Bxe4 33.Qa7 Bd5 34.Bxf6 Qxf6 35.Qb8+ {#r} 1-0

[Event "corr."]
[Site "masterchessopen.com DDR"]
[Round "0"]
[White "Trautmann Klaus (GER)"]
[Black "Schmidt Ulrich (GER)"]
[Result "0-1"]
[WhiteElo "2058"]
[BlackElo "2148"]

1.e4 e5 2.Nf3 Nc6 3.Bb5 a6 4.Ba4 Nf6 5.O-O Be7 6.Re1 b5 7.Bb3 d6 8.c3 O-O 9.h3
Nb8 10.d4 Nbd7 11.Bg5 Bb7 12.Nbd2 h6 13.Bh4 Re8 14.Bg3 Bf8 15.Bc2 c5 16.d5 c4
17.Nf1 Nc5 18.N3d2 Bc8 19.b4 cxb3 20.axb3 g6 21.c4 Bd7 22.Bh4 Be7 23.f4 exf4
24.e5 Nxd5 25.Bxe7 Nxe7 26.b4 Nb7 27.Ne4 Kg7 28.Nf6 Rf8 29.Be4 bxc4 30.exd6
Nf5 {#R} 0-1

[Event "Tournament (team)"]
[Site "masterchessopen.com Pinamar (Argentina)"]
[Round "4"]
[White "Cristobal Ruben (ARG)"]
[Black "Bibiloni Jorge (ARG)"]
[Result "0-1"]
[WhiteElo "2164"]
[BlackElo "2125"]

1.e4 e5 2.Nf3 Nc6 3.Bb5 a6 4.Ba4 Nf6 5.O-O Be7 6.Re1 b5 7.Bb3 d6 8.c3 O-O 9.h3
Nb8 10.d4 Nbd7 11.Nbd2 Bb7 12.Bc2 c5 13.d5 g6 14.Nf1 Nh5 15.Bh6 Re8 16.Qd2 Bf8
17.Be3 Nb6 18.b3 Bg7 19.Kh2 Qd7 20.g4 Nf4 21.Ng3 h5 22.Bxf4 exf4 23.Qxf4 hxg4
24.hxg4 Bxc3 25.Rh1 Bxa1 26.Rxa1 Qe7 27.Rh1 Kg7 28.Nh4 Rh8 29.g5 Rxh4+ 30.Qxh4
Rh8 {#R} 0-1

[Event "Ch DDR"]
[Site "masterchessopen.com Potsdam (Germany)"]
[Round "14"]
[White "Rossmann Helmut (GER)"]
[Black "Vogt Lothar (GER)"]
[Result "0-1"]
[WhiteElo "2264"]
[BlackElo "2430"]

1.e4 e5 2.Nf3 Nc6 3.Bb5 a6 4.Ba4 Nf6 5.O-O Be7 6.Re1 b5 7.Bb3 d6 8.c3 O-O 9.h3
Nb8 10.d4 Nbd7 11.Nbd2 Bb7 12.Bc2 Re8 13.b4 Bf8 14.a4 Nb6 15.a5 Nbd7 16.Bb2
Rb8 17.Bd3 h6 18.Qc2 g6 19.c4 bxc4 20.Bxc4 exd4 21.Bxd4 Bg7 22.e5 dxe5 23.Nxe5
Nxe5 24.Bxe5 Rxe5 25.Rxe5 Nd5 26.Rae1 Bxe5 27.Rxe5 Qd6 28.Qe4 Nxb4 29.Re8+ Kg7
30.Qe7 Qxe7 31.Rxe7 Nd5 32.Rd7 Bc6 {#R} 0-1

[Event "?"]
[Site "masterchessopen.com URS"]
[Round "0"]
[White "Bangiev Alexander (GER)"]
[Black "Dydyshko Viacheslav (BLR)"]
[Result "1-0"]
[WhiteElo "2432"]
[BlackElo "2512"]

1.e4 e5 2.Nf3 Nc6 3.Bb5 a6 4.Ba4 Nf6 5.O-O Be7 6.Re1 b5 7.Bb3 d6 8.c3 O-O 9.h3
Nb8 10.d4 Nbd7 11.Nbd2 Bb7 12.Bc2 Re8 13.a4 Bf8 14.b4 Nb6 15.a5 Nbd7 16.Bb2
Rb8 17.Re2 Ba8 18.Qe1 g6 19.Rd1 Qe7 20.c4 exd4 21.cxb5 Rxb5 22.Nxd4 Rxb4
23.Bc3 Rbb8 24.Ba4 Rec8 25.f4 c5 26.Nf5 Qd8 27.Nc4 d5 28.Bxd7 Qxd7 29.Bxf6 Qe6
30.Be7 dxe4 31.Bxf8 Rxf8 32.Nfe3 Rb4 33.Qc3 {#r} 1-0

[Event "It (b)"]
[Site "masterchessopen.com Wijk aan Zee (Netherlands)"]
[Round "0"]
[White "Garcia Martinez Silvino (CUB)"]
[Black "Kuijpers Frans A (NED)"]
[Result "1-0"]
[WhiteElo "2400"]
[BlackElo "2420"]

1.e4 e5 2.Nf3 Nc6 3.Bb5 a6 4.Ba4 Nf6 5.O-O Be7 6.Re1 b5 7.Bb3 d6 8.c3 O-O 9.h3
Nb8 10.d4 Nbd7 11.Nbd2 Bb7 12.Bc2 Re8 13.b4 Bf8 14.Bb2 Nb6 15.Rb1 Nfd7 16.Ba1
a5 17.Bd3 axb4 18.cxb4 Rxa2 19.Bxb5 c6 20.Bf1 exd4 21.Bxd4 c5 22.bxc5 dxc5
23.Be3 Ba6 24.Qb3 Ra4 25.Ng5 Qe7 26.Bxa6 Rxa6 27.e5 h6 28.Qd3 hxg5 29.Qxa6
Qxe5 30.Rxb6 Nxb6 31.Qxb6 c4 32.Nxc4 Qc3 33.Rc1 {#r} 1-0

[Event "Tournament (team)"]
[Site "masterchessopen.com Milan (Italy)"]
[Round "0"]
[White "Dueckstein Andreas (AUT)"]
[Black "Macles Jacques (FRA)"]
[Result "1-0"]
[WhiteElo "2410"]
[BlackElo "2280"]

1.e4 e5 2.Nf3 Nc6 3.Bb5 a6 4.Ba4 Nf6 5.O-O Be7 6.Re1 b5 7.Bb3 O-O 8.c3 d6 9.h3
Nb8 10.d4 Nbd7 11.Nbd2 Bb7 12.Bc2 Re8 13.Nf1 Bf8 14.Ng3 d5 15.Nxe5 Nxe5
16.dxe5 Nxe4 17.Bf4 Nxg3 18.Bxg3 g6 19.f4 c5 20.Qg4 d4 21.Rad1 Qb6 22.f5 d3
23.Rxd3 c4+ 24.Rd4 Bc5 25.e6 fxe6 26.fxe6 h6 27.Be5 {#r} 1-0

[Event "Ch Argentina"]
[Site "masterchessopen.com Buenos Aires (Argentina)"]
[Round "18"]
[White "Cuasnicu Oscar (ARG)"]
[Black "Canepa Rolando (ARG)"]
[Result "1-0"]
[WhiteElo "2410"]
[BlackElo "2200"]

1.e4 e5 2.Nf3 Nc6 3.Bb5 a6 4.Ba4 Nf6 5.O-O Be7 6.Re1 b5 7.Bb3 d6 8.c3 O-O 9.h3
Nb8 10.d4 Nbd7 11.Nbd2 Bb7 12.a4 c5 13.Bc2 Qc7 14.dxe5 dxe5 15.b3 g6 16.Nf1
Nh5 17.Ne3 Ndf6 18.Nd5 Nxd5 19.exd5 Rfd8 20.Rxe5 Bf6 21.Rxh5 gxh5 22.Qd3 Bg7
23.Qxh7+ Kf8 24.Bh6 f5 25.Qh8+ {#r} 1-0

[Event "It \"]
[Site "masterchessopen.com Las Vegas (USA)"]
[Round "0"]
[White "Ferriz Barrios Andres (MEX)"]
[Black "Biyiasas Peter (USA)"]
[Result "1-0"]
[WhiteElo "2102"]
[BlackElo "2450"]

1.e4 e5 2.Nf3 Nc6 3.Bb5 a6 4.Ba4 Nf6 5.O-O Be7 6.Re1 b5 7.Bb3 O-O 8.c3 d6 9.h3
Nb8 10.d4 Nbd7 11.Nbd2 Bb7 12.Bc2 c5 13.d5 Ne8 14.Nf1 f5 15.exf5 Nc7 16.Ne3
Nf6 17.Ng5 Nfxd5 18.Nxd5 Bxd5 19.Nxh7 Rf7 20.Qh5 Ne8 21.f4 Nf6 22.Nxf6+ gxf6
23.fxe5 Rh7 24.Qe2 dxe5 25.Rd1 Ra7 26.c4 bxc4 27.Be4 {#r} 1-0

[Event "It"]
[Site "masterchessopen.com Stary Smokovec (Slovakia)"]
[Round "7"]
[White "Treybal Dusan (SVK)"]
[Black "Franzen Jozef (SVK)"]
[Result "1-0"]
[WhiteElo "2153"]
[BlackElo "2302"]

1.e4 e5 2.Nf3 Nc6 3.Bb5 a6 4.Ba4 Nf6 5.O-O Be7 6.Re1 b5 7.Bb3 d6 8.c3 O-O 9.h3
Nb8 10.d4 Nbd7 11.Nbd2 Bb7 12.Bc2 c5 13.Nf1 Re8 14.Bg5 h6 15.Bh4 Qc7 16.Ne3
Bf8 17.dxe5 dxe5 18.Nh2 Nxe4 19.Nhg4 Nd6 20.Nf5 Nxf5 21.Bxf5 Nb6 22.Nxh6+ Kh8
23.Qh5 g6 24.Nxf7+ {#r} 1-0

[Event "Ch Sweden"]
[Site "masterchessopen.com Sweden"]
[Round "0"]
[White "Wahlbom Magnus (SWE)"]
[Black "Kinnmark Ove (SWE)"]
[Result "1-0"]
[WhiteElo "2288"]
[BlackElo "2279"]

1.e4 e5 2.Nf3 Nc6 3.Bb5 a6 4.Ba4 Nf6 5.O-O Be7 6.Re1 b5 7.Bb3 d6 8.c3 O-O 9.h3
Nb8 10.d4 Nbd7 11.Nbd2 Bb7 12.Bc2 Re8 13.b4 Bf8 14.a4 Nb6 15.a5 Nbd7 16.Bb2
Qb8 17.c4 bxc4 18.Ba4 c6 19.Nxc4 Qc7 20.dxe5 dxe5 21.Qb3 c5 22.Nb6 Rad8 23.Qc4
Re6 24.Ng5 Re7 25.Bb3 Nb8 26.bxc5 Bc6 27.Qc2 h6 28.Nd5 Nxd5 29.exd5 hxg5 30.d6
Qb7 31.dxe7 Bxe7 32.Bxe5 Nd7 33.Rab1 {#r} 1-0

[Event "?"]
[Site "masterchessopen.com Lone Pine (USA)"]
[Round "0"]
[White "Peters John A (USA)"]
[Black "Lombardy William J (USA)"]
[Result "1-0"]
[WhiteElo "2370"]
[BlackElo "2530"]

1.e4 e5 2.Nf3 Nc6 3.Bb5 a6 4.Ba4 Nf6 5.O-O Be7 6.Re1 b5 7.Bb3 d6 8.c3 O-O 9.h3
Nb8 10.d4 Nbd7 11.c4 Bb7 12.Nc3 c6 13.Bg5 b4 14.Na4 exd4 15.Nxd4 g6 16.c5 dxc5
17.Nf3 Re8 18.Qc2 Nh5 19.Qc4 Rf8 20.Bh6 Ng7 21.Rad1 Qc7 22.e5 Rae8 23.e6 fxe6
24.Rxe6 Kh8 25.Ng5 Nf6 26.Ree1 Bc8 27.Nf7+ Kg8 28.Nd6+ Nd5 29.Rxd5 cxd5
30.Qxd5+ Be6 31.Rxe6 Nxe6 32.Qxe6+ Kh8 33.Qg8+ Rxg8 34.Nf7# 1-0

[Event "?"]
[Site "masterchessopen.com Belgrade (Yugoslavia)"]
[Round "0"]
[White "Matanovic Aleksandar (SRB)"]
[Black "Ivkov Borislav (SRB)"]
[Result "1-0"]
[WhiteElo "2505"]
[BlackElo "2515"]

1.e4 e5 2.Nf3 Nc6 3.Bb5 a6 4.Ba4 Nf6 5.O-O Be7 6.Re1 b5 7.Bb3 d6 8.c3 O-O 9.h3
Nb8 10.d4 Nbd7 11.Nbd2 Bb7 12.Bc2 Re8 13.a4 Bf8 14.b3 g6 15.Bb2 Bg7 16.Bd3 c6
17.Qc2 Nh5 18.Bf1 Qb6 19.Rad1 Rad8 20.b4 Nf4 21.g3 Nh5 22.Qb3 d5 23.a5 Qc7
24.Bg2 Nhf6 25.exd5 cxd5 26.Nxe5 Nxe5 27.dxe5 Rxe5 28.Rxe5 Qxe5 29.c4 Qe2
30.cxb5 Qxb5 31.Nc4 Ne8 32.Nb6 Bxb2 33.Qxb2 Nc7 34.Qf6 Ne6 35.Qe7 Bc6 36.Bf1
{#r} 1-0

[Event "It"]
[Site "masterchessopen.com Bogota (Colombia)"]
[Round "0"]
[White "Garcia Gildardo (COL)"]
[Black "Panno Oscar (ARG)"]
[Result "0-1"]
[WhiteElo "2365"]
[BlackElo "2580"]

1.e4 e5 2.Nf3 Nc6 3.Bb5 a6 4.Ba4 Nf6 5.O-O Be7 6.Re1 b5 7.Bb3 d6 8.c3 O-O 9.h3
Nb8 10.d4 Nbd7 11.Nbd2 Bb7 12.Bc2 Re8 13.b3 Bf8 14.a4 g6 15.Bb2 c6 16.b4 Nb6
17.a5 Nbd7 18.Qb1 Nh5 19.c4 exd4 20.Bxd4 Nf4 21.Qb2 c5 22.Bc3 bxc4 23.Nxc4 d5
24.bxc5 dxc4 25.Qxb7 Nxc5 26.Qc6 Re6 {#R} 0-1

[Event "Zt"]
[Site "masterchessopen.com Tramandai (Brazil)"]
[Round "3"]
[White "Braga Cicero (BRA)"]
[Black "Segal Alexandru Sorin (BRA)"]
[Result "1-0"]
[WhiteElo "2416"]
[BlackElo "2395"]

1.e4 e5 2.Nf3 Nc6 3.Bb5 a6 4.Ba4 Nf6 5.O-O Be7 6.Re1 b5 7.Bb3 O-O 8.c3 d6 9.h3
Nb8 10.d4 Nbd7 11.Nbd2 Bb7 12.Bc2 Re8 13.Nf1 Bf8 14.Ng3 g6 15.a4 c5 16.d5 Nb6
17.Qe2 Nxa4 18.Bxa4 bxa4 19.Rxa4 Bc8 20.b3 a5 21.Bd2 Bd7 22.Ra3 a4 23.Rea1
axb3 24.Rxa8 b2 25.R8a2 bxa1=R+ 26.Rxa1 {#r} 1-0

[Event "It"]
[Site "masterchessopen.com Copenhagen (Denmark)"]
[Round "10"]
[White "Westerinen Heikki M J (FIN)"]
[Black "Brinck-Claussen Bjorn (DEN)"]
[Result "1-0"]
[WhiteElo "2340"]
[BlackElo "2263"]

1.e4 e5 2.Nf3 Nc6 3.Bb5 a6 4.Ba4 Nf6 5.O-O Be7 6.Re1 b5 7.Bb3 d6 8.c3 O-O 9.h3
Nb8 10.d4 Nbd7 11.Nbd2 Bb7 12.Bc2 Re8 13.b3 Bf8 14.Bb2 g6 15.a4 Bg7 16.Bd3
bxa4 17.Rxa4 exd4 18.cxd4 d5 19.e5 Ne4 20.b4 f6 21.Nxe4 dxe4 22.Qb3+ Kh8
23.Bxe4 Bxe4 24.Rxe4 fxe5 25.Nxe5 Nxe5 26.dxe5 Qd2 27.Bc3 Qd3 28.Re3 Qf5 29.e6
Rad8 30.e7 Rb8 31.Rxa6 Qg5 32.Rae6 Bxc3 33.Qxc3+ Kg8 34.Qc4 Qb5 35.Rxg6+ {#r}
1-0

[Event "corr."]
[Site "masterchessopen.com Yugoslavia"]
[Round "0"]
[White "Podkrajsek Janez (SLO)"]
[Black "Ciric Dragoljub M (SRB)"]
[Result "1-0"]
[WhiteElo "2225"]
[BlackElo "2276"]

1.e4 e5 2.Nf3 Nc6 3.Bb5 a6 4.Ba4 Nf6 5.O-O Be7 6.Re1 b5 7.Bb3 O-O 8.c3 d6 9.h3
Nb8 10.d4 Nbd7 11.Nbd2 Bb7 12.Bc2 Re8 13.Nf1 Bf8 14.Ng3 g6 15.a4 c5 16.d5 c4
17.Bg5 Rb8 18.Qd2 Nc5 19.Ra3 Bg7 20.Rea1 Qb6 21.Be3 Bc8 22.axb5 axb5 23.Nh2
Re7 24.Bh6 Reb7 25.Nf3 b4 26.cxb4 Qxb4 27.Qg5 Bxh6 28.Qxh6 Qxb2 29.R1a2 Qb4
30.Kh2 Nb3 31.Bd1 Qc3 32.Ng5 Qc1 33.Nh5 gxh5 34.Ra8 Bd7 35.Bxh5 Be8 36.Rxb8
Rxb8 37.g3 Nd2 38.Qxf6 {#r} 1-0

[Event "It (open)"]
[Site "masterchessopen.com Copenhagen (Denmark)"]
[Round "0"]
[White "Zieher Hartmut (GER)"]
[Black "Kovacs Laszlo M (HUN)"]
[Result "0-1"]
[WhiteElo "2239"]
[BlackElo "2339"]

1.e4 e5 2.Nf3 Nc6 3.Bb5 a6 4.Ba4 Nf6 5.O-O Be7 6.Re1 b5 7.Bb3 O-O 8.c3 d6 9.h3
Nb8 10.d4 Nbd7 11.Nbd2 Bb7 12.Bc2 Re8 13.Nf1 Bf8 14.Ng3 g6 15.a4 c5 16.d5 c4
17.Bg5 h6 18.Be3 Nc5 19.Rf1 Rb8 20.Qd2 Kh7 21.Nh2 Bc8 22.f4 bxa4 23.Bxc5 dxc5
24.fxe5 Rxe5 25.Qf4 Nd7 26.Qxf7+ Bg7 27.Ng4 Rxb2 28.Nxe5 Nxe5 29.Qf2 Qg5
30.Nh1 Nd3 31.Qe2 Bxh3 32.e5 Bg4 33.Qe4 Rxc2 34.e6 Re2 35.Qxc4 Bh3 36.g3 Rg2#
0-1

[Event "Ch Europe (team)"]
[Site "masterchessopen.com Plovdiv (Bulgaria)"]
[Round "0"]
[White "Georgiev Krum (BUL)"]
[Black "Van Der Sterren Paul (NED)"]
[Result "0-1"]
[WhiteElo "2440"]
[BlackElo "2445"]

1.e4 e5 2.Nf3 Nc6 3.Bb5 a6 4.Ba4 Nf6 5.O-O Be7 6.Re1 b5 7.Bb3 d6 8.c3 O-O 9.h3
Nb8 10.d4 Nbd7 11.Nbd2 Bb7 12.Bc2 Re8 13.b3 Bf8 14.d5 c6 15.c4 Qc7 16.a4 bxc4
17.bxc4 Rec8 18.Ra2 a5 19.Nb3 Ba6 20.Nfd2 Nb6 21.Nxa5 cxd5 22.cxd5 Nbxd5
23.exd5 Qxa5 24.Ne4 Nxd5 25.Bd2 Qc7 26.Qf3 Bc4 27.Raa1 Qe7 28.Red1 h6 29.Bxh6
gxh6 30.Rxd5 Bxd5 31.Nf6+ Qxf6 32.Qxf6 Rxc2 33.Ra3 Be6 34.a5 Kh7 35.a6 Rc1+
36.Kh2 d5 37.Rg3 e4 {#R} 0-1

[Event "Ch Belarus"]
[Site "masterchessopen.com Belarus"]
[Round "5"]
[White "Ryskin Alexander (BLR)"]
[Black "Berezjuk Sergej (CZE)"]
[Result "1-0"]
[WhiteElo "2440"]
[BlackElo "2378"]

1.e4 e5 2.Nf3 Nc6 3.Bb5 a6 4.Ba4 Nf6 5.O-O Be7 6.Re1 b5 7.Bb3 d6 8.c3 O-O 9.h3
Nb8 10.d4 Nbd7 11.Nbd2 Bb7 12.Bc2 Re8 13.Nf1 d5 14.Nxe5 dxe4 15.Bb3 Nxe5
16.dxe5 Nd5 17.Qg4 Qc8 18.Qxe4 Nxc3 19.Qd3 Na4 20.e6 f6 21.Bc2 g6 22.Qg3 Bd6
23.Bf4 Bxf4 24.Qxf4 Bd5 25.e7 f5 26.Ng3 c5 27.Bxf5 {#r} 1-0

[Event "It (open)"]
[Site "masterchessopen.com Berlin (Germany)"]
[Round "0"]
[White "Murey Jacob (ISR)"]
[Black "Smejkal Jan (CZE)"]
[Result "1-0"]
[WhiteElo "2435"]
[BlackElo "2540"]

1.e4 e5 2.Nf3 Nc6 3.Bb5 a6 4.Ba4 Nf6 5.O-O Be7 6.Re1 b5 7.Bb3 d6 8.c3 O-O 9.h3
Nb8 10.d4 Nbd7 11.Bc2 Bb7 12.Bg5 h6 13.Bh4 Re8 14.Nbd2 c5 15.a3 g6 16.b4 cxd4
17.cxd4 exd4 18.Nb3 Rc8 19.Bg3 Bf8 20.Qb1 Qb6 21.Nfxd4 Bg7 22.Bf4 Ne5 23.Qd1
Nc4 24.f3 d5 25.e5 Nh5 26.Bh2 Nxe5 27.Kh1 Nc6 28.Nxc6 Rxe1+ 29.Qxe1 Qxc6
30.Rc1 Bb2 31.Na5 Qd7 32.Rb1 Rxc2 33.Qd1 Rf2 34.Kg1 Bc8 35.Kxf2 {#r} 1-0

[Event "It (cat.8)"]
[Site "masterchessopen.com Bor (Yugoslavia)"]
[Round "6"]
[White "Jansa Vlastimil (CZE)"]
[Black "Pavlovic Dejan (SRB)"]
[Result "1-0"]
[WhiteElo "2480"]
[BlackElo "2265"]

1.e4 e5 2.Nf3 Nc6 3.Bb5 a6 4.Ba4 Nf6 5.O-O Be7 6.Re1 b5 7.Bb3 d6 8.c3 O-O 9.h3
Nb8 10.d4 Nbd7 11.Nbd2 Bb7 12.Bc2 Re8 13.Nf1 Bf8 14.Ng3 h6 15.a4 c5 16.d5 g6
17.Be3 c4 18.Qd2 Kh7 19.Nh2 Bg7 20.Rf1 Qe7 21.h4 Nf8 22.Rae1 Reb8 23.f4 exf4
24.Rxf4 N8d7 25.Ref1 Ne5 26.h5 Rf8 27.Bd4 Nfd7 28.Ng4 Nxg4 29.Rxg4 Ne5 30.Bxe5
Bxe5 31.Rxf7+ Qxf7 32.hxg6+ Qxg6 33.Rxg6 Kxg6 34.Nf5 Rh8 35.Qf2 {#r} 1-0

[Event "Ch Great Britain"]
[Site "masterchessopen.com Brighton (England)"]
[Round "10"]
[White "Watson William N (ENG)"]
[Black "Bellin Robert (ENG)"]
[Result "1-0"]
[WhiteElo "2450"]
[BlackElo "2355"]

1.e4 e5 2.Nf3 Nc6 3.Bb5 a6 4.Ba4 Nf6 5.O-O Be7 6.Re1 b5 7.Bb3 d6 8.c3 O-O 9.h3
Nb8 10.d4 Nbd7 11.c4 c6 12.c5 Qc7 13.cxd6 Bxd6 14.Bg5 exd4 15.Bxf6 gxf6
16.Nxd4 Ne5 17.Nc3 Bc5 18.Nf5 Rd8 19.Qh5 Rd2 20.Re2 Rxe2 21.Nxe2 Qa7 22.Qh4
Bxf5 23.exf5 Rd8 24.Nc3 Rd2 25.Ne4 Bxf2+ 26.Nxf2 Nd3 27.Rf1 Kg7 28.Qg3+ Kf8
29.Qd6+ Kg7 30.Kh2 {#r} 1-0

[Event "It (cat.10)"]
[Site "masterchessopen.com Plovdiv (Bulgaria)"]
[Round "0"]
[White "Plaskett Jim (ENG)"]
[Black "Tringov Georgi P (BUL)"]
[Result "1-0"]
[WhiteElo "2470"]
[BlackElo "2435"]

1.e4 e5 2.Nf3 Nc6 3.Bb5 a6 4.Ba4 Nf6 5.O-O Be7 6.Re1 b5 7.Bb3 d6 8.c3 O-O 9.h3
Nb8 10.d4 Nbd7 11.Nbd2 Bb7 12.Bc2 Re8 13.Nf1 d5 14.Nxe5 Nxe5 15.dxe5 Nxe4
16.f3 Bc5+ 17.Be3 Bxe3+ 18.Nxe3 Nc5 19.f4 d4 20.cxd4 Ne6 21.Qd3 g6 22.f5 Nf4
23.Qd1 c5 24.Qg4 Qxd4 25.e6 h5 26.Qg5 Bxg2 27.Kh2 f6 28.Qh6 Bf3 29.Kg3 g5
30.Kxf3 Re7 31.Rad1 Qxb2 32.Rg1 Rh7 33.Rxg5+ Kh8 34.e7 Rxh6 35.Rd8+ {#r} 1-0

[Event "?"]
[Site "masterchessopen.com Tbilisi (Georgia)"]
[Round "0"]
[White "Chiburdanidze Maia (GEO)"]
[Black "Litynska Marta (UKR)"]
[Result "1-0"]
[WhiteElo "2375"]
[BlackElo "2326"]

1.e4 e5 2.Nf3 Nc6 3.Bb5 a6 4.Ba4 Nf6 5.O-O Be7 6.Re1 b5 7.Bb3 d6 8.c3 O-O 9.h3
Nb8 10.d4 Nbd7 11.Nbd2 Bb7 12.Bc2 Re8 13.Nf1 d5 14.dxe5 Nxe4 15.Bf4 Nf8 16.Ne3
Ne6 17.Bh2 Bc5 18.Nd4 Qg5 19.f3 Ng3 20.Qd3 Nf8 21.Ng4 Qh4 22.Qe3 Bc8 23.Qf4
{#r} 1-0

[Event "Ch Baden (MA)"]
[Site "masterchessopen.com Viernheim (Germany)"]
[Round "6"]
[White "Reichstein Hans-Joerg (GER)"]
[Black "Wolf Walter (GER)"]
[Result "1-0"]
[WhiteElo "2077"]
[BlackElo "2248"]

1.e4 e5 2.Nf3 Nc6 3.Bb5 a6 4.Ba4 Nf6 5.O-O Be7 6.Re1 b5 7.Bb3 O-O 8.c3 d6 9.h3
Nb8 10.d4 Nbd7 11.Nbd2 Bb7 12.Bc2 c5 13.Nf1 Re8 14.Ng3 Bf8 15.d5 g6 16.Bg5 h6
17.Bd2 Bg7 18.Qc1 Kh7 19.Nh4 Ng8 20.Nf3 c4 21.h4 Nc5 22.Kh2 Qd7 23.Rh1 Ne7
24.h5 g5 25.Kg1 f6 26.Nh2 Nd3 27.Bxd3 cxd3 28.Qf1 Kg8 29.Qxd3 Rf8 30.a4 f5
31.f3 f4 32.Ne2 Qd8 33.g4 fxg3 34.Nxg3 Qd7 {#r} 1-0

[Event "?"]
[Site "masterchessopen.com Novosibirsk (Russia)"]
[Round "0"]
[White "Klovans Janis (LAT)"]
[Black "Bandza Algirdas (LTU)"]
[Result "0-1"]
[WhiteElo "2420"]
[BlackElo "2376"]

1.e4 e5 2.Nf3 Nc6 3.Bb5 a6 4.Ba4 Nf6 5.O-O Be7 6.Re1 b5 7.Bb3 O-O 8.c3 d6 9.h3
Nb8 10.d4 Nbd7 11.Nbd2 Bb7 12.Bc2 Re8 13.Nf1 Bf8 14.Ng3 g6 15.b3 d5 16.Bg5 h6
17.Bh4 g5 18.Nxg5 hxg5 19.Bxg5 dxe4 20.Nxe4 Bxe4 21.Rxe4 Bg7 22.Qf3 c5 23.Rae1
cxd4 24.cxd4 Qc7 25.dxe5 Nxe4 26.Qxe4 Nf8 27.f4 Rac8 28.Bd3 Qb6+ 29.Kh2 Rc3
30.Re3 Qc6 31.Qd4 Qc5 32.Bh7+ Nxh7 33.Qxc3 Qxc3 34.Rxc3 Nxg5 {#R} 0-1

[Event "It (open)"]
[Site "masterchessopen.com Baden-Baden (Germany)"]
[Round "1"]
[White "Pienski Olaf (GER)"]
[Black "Pachman Ludek (GER)"]
[Result "0-1"]
[WhiteElo "2090"]
[BlackElo "2278"]

1.e4 e5 2.Nf3 Nc6 3.Bb5 a6 4.Ba4 Nf6 5.O-O Be7 6.Re1 b5 7.Bb3 d6 8.c3 O-O 9.h3
Nb8 10.d4 Nbd7 11.Nbd2 Bb7 12.Bc2 Re8 13.b3 Bf8 14.d5 c6 15.c4 a5 16.a4 bxc4
17.bxc4 Nc5 18.Ba3 Na6 19.Rb1 Rb8 20.Nf1 c5 21.Ne3 Nb4 22.Nh2 Bc8 23.Bc1 Bd7
24.Nf5 Nxc2 25.Qxc2 Bxa4 26.Rxb8 Bxc2 27.Rxd8 Rxd8 28.Bg5 Rb8 29.Bxf6 gxf6
30.Ng4 Rb1 31.Rxb1 Bxb1 32.Nfe3 Be7 33.Nd1 a4 34.Nc3 a3 {#R} 0-1

[Event "It (open)"]
[Site "masterchessopen.com Gausdal (Norway)"]
[Round "0"]
[White "Mainka Romuald (GER)"]
[Black "Elseth Roar (NOR)"]
[Result "1-0"]
[WhiteElo "2450"]
[BlackElo "2349"]

1.e4 e5 2.Nf3 Nc6 3.Bb5 a6 4.Ba4 Nf6 5.O-O Be7 6.Re1 b5 7.Bb3 d6 8.c3 O-O 9.h3
Nb8 10.d4 Nbd7 11.Nbd2 Bb7 12.Bc2 Re8 13.Nf1 Bf8 14.Ng3 g6 15.a4 c5 16.d5 c4
17.Bg5 h6 18.Be3 Nc5 19.Qd2 Kh7 20.Rf1 Rb8 21.Nh2 Bg7 22.f4 exf4 23.Rxf4 Ncd7
24.Nf3 Qe7 25.Nd4 Ne5 26.Qf2 Nfd7 27.axb5 axb5 28.Ra7 Kg8 29.Nxb5 Bxd5 30.Nc7
Nc5 31.Bxc5 dxc5 32.exd5 Rxb2 33.d6 Qd7 34.Bf5 Rxf2 35.Bxd7 Rxf4 36.Bxe8 Bf6
37.Nd5 {#r} 1-0

[Event "?"]
[Site "masterchessopen.com Pau (France)"]
[Round "0"]
[White "Koch Robert"]
[Black "Villeneuve Alain (FRA)"]
[Result "0-1"]
[WhiteElo "2260"]
[BlackElo "2261"]

1.e4 e5 2.Nf3 Nc6 3.Bb5 a6 4.Ba4 Nf6 5.O-O Be7 6.Re1 b5 7.Bb3 d6 8.c3 O-O 9.h3
Nb8 10.d4 Nbd7 11.Nbd2 Bb7 12.Bc2 Re8 13.Nf1 Bf8 14.Ng3 g6 15.a4 c5 16.d5 c4
17.Bg5 h6 18.Be3 Nc5 19.Qd2 h5 20.Ng5 Bg7 21.Rf1 Qe7 22.Rae1 Nfd7 23.h4 Rf8
24.Qd1 Bc8 25.Qe2 Rb8 26.Ra1 Nf6 27.axb5 axb5 28.Ra5 Ng4 29.Bd2 Qc7 30.Rfa1
Na4 31.b4 cxb3 32.Rxb5 Ba6 33.Rxb8 Bxe2 34.Rxf8+ Bxf8 35.Rxa4 bxc2 36.Nxe2 Qb6
37.Nh3 Qb5 {#R} 0-1